Zindagānī-i Mīrzā Taqī Khān Amīr Kabīr / (Record no. 50605)

MARC details
000 -LEADER
fixed length control field 00743cam a22002291a 4500
001 - CONTROL NUMBER
control field ne 68002755
003 - CONTROL NUMBER IDENTIFIER
control field DLC
005 - DATE AND TIME OF LATEST TRANSACTION
control field 20260227111844.0
008 - FIXED-LENGTH DATA ELEMENTS--GENERAL INFORMATION
fixed length control field 910222s1958 ir ach 000 0 perr
010 ## - LIBRARY OF CONGRESS CONTROL NUMBER
LC control number ne 68002755
035 ## - SYSTEM CONTROL NUMBER
System control number (OCoLC)23138977
040 ## - CATALOGING SOURCE
Original cataloging agency DLC
Transcribing agency CU
Modifying agency CU
-- DLC
042 ## - AUTHENTICATION CODE
Authentication code premarc
050 00 - LIBRARY OF CONGRESS CALL NUMBER
Classification number DS307
Item number .M3 1958
100 1# - MAIN ENTRY--PERSONAL NAME
Personal name Makkī, Ḥusayn.
245 10 - TITLE STATEMENT
Title Zindagānī-i Mīrzā Taqī Khān Amīr Kabīr /
Statement of responsibility, etc. taʼlīf va nigārish-i Ḥusayn Makkī.
250 ## - EDITION STATEMENT
Edition statement Chāp-i 3.
260 ## - PUBLICATION, DISTRIBUTION, ETC.
Place of publication, distribution, etc. [Tihrān] :
Name of publisher, distributor, etc. Kitābfurūshī Muḥammad ʻAlī ʻIlmī,
Date of publication, distribution, etc. 1337 [1958]
300 ## - PHYSICAL DESCRIPTION
Extent 3, 413 p. :
Other physical details ill., facsims., ports.
Dimensions 25 cm.
504 ## - BIBLIOGRAPHY, ETC. NOTE
Bibliography, etc. note Bibliographical footnotes.
600 10 - SUBJECT ADDED ENTRY--PERSONAL NAME
Personal name Amīr Kabīr, Mīrzā Taqī Khān,
Dates associated with a name -1852.

No items available.

Powered by Koha